000 00385nam a2200157Ia 4500
005 20241107011301.0
008 240331s9999 xx 000 0 und d
020 _a9555800456
082 _bHUS
_a823
100 _aHussein, A
245 0 _aFifteen
_c
260 _aColombo
_bInternational Centre for Ethnic Studies
_c1999
300 _a152 p .,
650 _aShort Stories
942 _cL
999 _c4354
_d4354